00374nam a2200133 a 4500008004100000020001500041050001400056100001400070245002800084260004500112350000900157650001600166650005800182120416s1997 ||||||||||||||||| || u a8171694365 aGF 26 Rao aRao, V. K10aEnvironmental education aNew DelhibCommomwealth publishersc1997 a0.00 aENVIRONMENT aENVIRONMENTAL EDUCATION--AFRICA, SOUTHERN--CONGRESSES